Gaming Quiz

Random Gaming or Soccer Quiz

FIFA 19 Player Ratings (Top 50) Quiz Stats

 Plays Quiz Updated Sep 28, 2018

Score 0/50 Timer 10:00
1 Play Today
Club/Country Answer % Correct
Juventus/PortugalCristiano Ronaldo
99.3%
Barcelona/ArgentinaLionel Messi
99%
PSG/BrazilNeymar
97.2%
Real Madrid/CroatiaLuka Modric
95.4%
Chelsea/BelgiumEden Hazard
94.7%
Barcelona/UruguayLuis Suarez
94.1%
Manchester City/BelgiumKevin de Bruyne
92.4%
Tottenham/EnglandHarry Kane
90.7%
Real Madrid/SpainSergio Ramos
90.1%
Manchester Utd/SpainDavid de Gea
90.1%
Liverpool/EgyptMohamed Salah
89.7%
Real Madrid/GermanyToni Kroos
89.2%
Bayern Munich/PolandRobert Lewandowski
88.5%
Real Madrid/WalesGareth Bale
88%
Manchester City/ArgentinaSergio Aguero
86.2%
Manchester Utd/FrancePaul Pogba
86%
PSG/UruguayEdinson Cavani
85.5%
Manchester City/SpainDavid Silva
85%
Chelsea/FranceN'Golo Kante
84.7%
PSG/BrazilThiago Silva
84.2%
Atletico Madrid/FranceAntoine Griezmann
83.6%
Bayern Munich/GermanyManuel Neuer
82.4%
Atletico Madrid/UruguayDiego Godin
81.8%
Manchester Utd/BelgiumRomelu Lukaku
80.4%
Real Madrid/BelgiumThibaut Courtois
80.1%
Club/Country Answer % Correct
Juventus/ArgentinaPaulo Dybala
80%
Tottenham/DenmarkChristian Eriksen
79.9%
Real Madrid/BrazilMarcelo
79.6%
Tottenham/FranceHugo Lloris
79.4%
Bayern Munich/ColombiaJames Rodriguez
79.1%
Barcelona/CroatiaIvan Rakitic
76.1%
PSG/FranceKylian Mbappe
75.7%
Barcelona/GermanyMarc-Andre ter Stegen
74%
Atletico Madrid/SloveniaJan Oblak
74%
Barcelona/SpainGerard Pique
73.9%
Real Madrid/SpainIsco
73.8%
Vissel Kobe/SpainAndres Iniesta
73.4%
PSG/ItalyGianluigi Buffon
71.4%
Juventus/ItalyGiorgio Chiellini
70.9%
Bayern Munich/GermanyMats Hummels
70.1%
Barcelona/BrazilPhilippe Coutinho
70%
Barcelona/SpainSergio Busquets
67.6%
Napoli/SlovakiaMarek Hamsik
67.3%
Barcelona/FranceSamuel Umtiti
66.9%
Milan/ArgentinaGonzalo Higuain
66.1%
Barcelona/SpainJordi Alba
65.1%
Tottenham/BelgiumJan Vertonghen
64.8%
Real Madrid/BrazilCasemiro
64.7%
Napoli/ItalyLorenzo Insigne
59.5%
Inter/SloveniaSamir Handanovic
57.3%

You're not logged in!

Compare scores with friends on all Sporcle quizzes.
OR
Log In

Sporcle TV

Today on Sporcle TV


Watch our educational content, quiz creation guides, and fun videos on Sporcle TV.

Show Comments

Extras

Top Quizzes Today


Score Distribution

Your Account Isn't Verified!

In order to create a playlist on Sporcle, you need to verify the email address you used during registration. Go to your Sporcle Settings to finish the process.

Report this User

Report this user for behavior that violates our Community Guidelines.

Details: